000 00655nmm a2200241 a 4500
003 AR-BaBNM
005 20251128210806.0
008 056020s1974 ||||||||||||||000 | spa||
040 _cAR-BaBNM
100 1 _aMichel, Guillermo
245 1 0 _aAprende a aprender
_bguía de autoeducación
250 _a3ª ed.
260 _aMéxico
_bEditorial Trillas
_c1974
300 0 _a104 p.
504 _aContiene referencias bibliográficas
650 4 _aAUTOAPRENDIZAJE
650 4 _aMETODOS DE APRENDIZAJE
650 4 _aPENSAMIENTO CRITICO
650 4 _aDESARROLLO INTELECTUAL
653 0 _aAPRENDER A APRENDER
942 _cBK
998 _cme-solo cat
999 _c16924
_d16924